| 000 | 00597cam a2200229 4500 | ||
|---|---|---|---|
| 008 | 090401t1987 xxu||||| |||| 00| 0 eng d | ||
| 020 | _a0889257825 | ||
| 035 | _a(Sirsi) u55792 | ||
| 041 | _aeng | ||
| 050 | _a333.3320971 | ||
| 110 |
_aAppraisal Institute of Canada _9829 |
||
| 245 | _aReal estate appraising in Canada | ||
| 250 | _a3rd ed. | ||
| 260 |
_aWinnipeg _bAppraisal Institute of Canada _c1987 |
||
| 300 | _axiii,256p. ; 22cm. | ||
| 350 | _a0 | ||
| 650 | _aPROPERTY | ||
| 650 |
_aValuation _96273 |
||
| 700 |
_aMartin, Samuel A. _xEditor |
||
| 942 | _n0 | ||
| 948 | _c04/03/1997 | ||
| 999 |
_c93650 _d93650 |
||